000
00307nam a22001217a 4500
020
_a
IS :11702
041
_a
ENG
245
_a
Measurement Of Airborene Noise Emitted By Pneumatic Tools And Machines
260
_a
New Delhi
_b
BIS
_c
1986
300
_a
18
650
_a
BIS Tist Code
856
_u
BIS Tist Code
999
_c
2154
_d
2154